LEADER 01462oam 2200421Ka 450 001 9910691906203321 005 20030703094058.0 035 $a(CKB)5470000002350357 035 $a(OCoLC)52535543 035 9 $aocm52535543 035 $a(OCoLC)995470000002350357 035 $a(OCoLC)954128899 035 $a(EXLCZ)995470000002350357 100 $a20030701d2001 ua 0 101 0 $aeng 135 $aurcn||||||||| 181 $ctxt$2rdacontent 182 $cc$2rdamedia 183 $acr$2rdacarrier 200 02$aA citizen's guide to solidification/stabilization$b[electronic resource] 210 1$aWashington, D.C. :$cE.P.A., Office of Solid Waste and Emergency Response,$d[2001] 215 $a1 online resource (2 unnumbered pages) $ccolor illustrations 225 1 $aCitizen's guide series 300 $aTitle from title screen (viewed on July 1, 2003). 300 $a"December 2001." 300 $a"EPA 542-F-01-024." 606 $aSolidification$vHandbooks, manuals, etc 606 $aSoil stabilization$zUnited States$vHandbooks, manuals, etc 608 $aHandbooks and manuals.$2lcgft 615 0$aSolidification 615 0$aSoil stabilization 712 02$aUnited States.$bEnvironmental Protection Agency.$bOffice of Solid Waste and Emergency Response. 801 0$bGPO 801 1$bGPO 906 $aBOOK 912 $a9910691906203321 996 $aA citizen's guide to solidification$93429037 997 $aUNINA LEADER 01001nam0 22002891i 450 001 RML0294570 005 20231121125739.0 010 $a0415053749 100 $a20121121d1995 ||||0itac50 ba 101 | $aeng 102 $agb 181 1$6z01$ai $bxxxe 182 1$6z01$an 200 1 $aColonial desire$ehybridity in theory culture and race$fRobert J. C.Young 210 $aLondon $cRoutledge $d1995 215 $aXIII, 236 p.$d23 cm 606 $aSessualità e razzismo$2FIR$3RMLC385150$9I 676 $a305.80$9$v21 700 1$aYoung$b, Robert J.C.$3RMLV190254$055275 801 3$aIT$bIT-01$c20121121 850 $aIT-FR0017 899 $aBiblioteca umanistica Giorgio Aprea$bFR0017 912 $aRML0294570 950 0$aBiblioteca umanistica Giorgio Aprea$d 52CIS 10/742$e 52VM 0000642665 VM barcode:00049788. - Inventario:11456 FLSVM$fA $h20061103$i20121204 977 $a 52 996 $aColonial desire$91232893 997 $aUNICAS